Culture Générale - Série 368 - Statistiques

Statistiques générales
  • Ce quiz a été pris 324 fois
  • Le résultat moyen est 8 sur 10
Statistiques - réponses
Question Réponse % Correct
Combien y a-t-il d'angles droits dans un carré ? 4
99%
Quel roi de France surnommait-on le "Roi-Soleil" ? Louis XIV
98%
Quelle capitale européenne est traversée par la Tamise ? Londres
97%
Quel écrivain est l'auteur du célèbre article "J'accuse", publié en 1898 ? Emile Zola
95%
Quel écrivain français est l'auteur de "Bel-Ami" ? Guy de Maupassant
86%
Quel nom porte le fragment de stèle qui permit à Champollion de déchiffrer les hiéroglyphes ? La pierre de Rosette
63%
Quelle est la race de Milou, le chien de Tintin créé par Hergé ? Un fox-terrier
63%
A quel chanteur français doit-on le tube "Osez Joséphine" ? Alain Alain Bashung
57%
Dans un poème de Ronsard, par quel mot commence le vers : "..., allons voir si la rose" ? Mignonne
52%
Quelle actrice française a reçu l'Oscar de la meilleure actrice à Hollywood en 1960 pour "Les Chemins de la haute ville" ? Simone Signoret
43%
Aucun quiz correspondant
Distribution des résultats
% des personnes avec chaque résultat
Percentile par nombre de réponses
Votre historique - résultats
Vous n’avez pas pris ce quiz